| 000 | 00840nam a2200289Ia 4500 | ||
|---|---|---|---|
| 003 | OSt | ||
| 005 | 20221006152617.0 | ||
| 006 | a|||||r|||| 00| 0 | ||
| 007 | ta | ||
| 008 | 221006b |||||||| |||| 00| 0 chi d | ||
| 020 |
_a9787301027127 _cYu 29.00 (each) |
||
| 024 | _a29,049 | ||
| 037 |
_bGift, PRC _cTextual |
||
| 040 |
_aEASL _cEASL _bchi |
||
| 041 |
_2chi _achi |
||
| 082 | _aO41xN9<-N5, P3 | ||
| 100 |
_aXIE Hian Ed. _9661165 |
||
| 245 | 0 | _aZhongguo Dangdai Wenxue | |
| 260 |
_aBeijing _bBeijing Daxue Chubanshe China _c2003 |
||
| 300 |
_a583p. _ccm. |
||
| 490 | _v CL | ||
| 650 |
_a CL _9642733 |
||
| 650 |
_aChina - Literature - Modern _9661166 |
||
| 700 |
_a HONG Zi Cheng Ed. _9661167 |
||
| 942 |
_hO41xN9<-N5, P3 _cTEXL _2CC |
||
| 999 |
_c1097135 _d1097135 |
||